Julia y Julieta (Record no. 33311)

MARC details
000 -LEADER
campo de control de longitud fija 00385nam a2200145 i 4500
001 - NÚMERO DE CONTROL
campo de control 33311
003 - IDENTIFICADOR DE NÚMERO DE CONTROL
campo de control ES-MaACL
005 - FECHA Y HORA DE LA ÚLTIMA TRANSACCIÓN
campo de control 20230906154733.0
007 - CAMPO FIJO DE DESCRIPCIÓN FÍSICA--INFORMACIÓN GENERAL
campo de control de longitud fija t|
008 - DATOS DE LONGITUD FIJA--INFORMACIÓN GENERAL
campo de control de longitud fija 030202s1909 mx ||||1| spa d
100 1# - ENTRADA PRINCIPAL--NOMBRE DE PERSONA
Nombre de persona Berganzo, Luis Alfonso.
9 (RLIN) 27934
245 10 - MENCIÓN DEL TÍTULO
Título Julia y Julieta
Resto del título : poema /
Mención de responsabilidad, etc. Luis Alfonso Berganzo.
260 ## - PUBLICACIÓN, DISTRIBUCIÓN, ETC.
Lugar de publicación, distribución, etc. México :
Nombre del editor, distribuidor, etc. [s.n.,
Fecha de publicación, distribución, etc. 1909]
852 ## - LOCALIZACIÓN
Ubicación ES-MaACL
Número de control de estantería T-1149-F
Holdings
Estatus retirado Estado de pérdida Estado de daño No para préstamo Colección Biblioteca de origen Biblioteca actual Ubicación en estantería Fecha de adquisición Fuente de adquisición Total de préstamos Signatura topográfica completa Código de barras Visto por última vez Precio de reemplazo Tipo de ítem Koha
        Colección de folletos Biblioteca del Ateneo de Madrid Biblioteca del Ateneo de Madrid Depósito folletos 17/01/2008     T-1149-F 1034638 23/02/2023 23/02/2023 Folleto